000 00734nam a22002297a 4500
005 20170124110105.0
010 _aA-410319
020 _c00.00
_a85359024
035 _aA-410319
037 _bCen Lib/Ret
040 _aDPL
_bEN
082 _a954.12
_bKHI
100 _aKhilnani, N.M.
_927861
245 _aRise of the sikh power in Punjab /
_cby N.M.Khilnani
260 _bIndependent Publishing Company
_aDelhi
_c1990
270 _a4774, Deputy Ganj, Sadar Bazar
_bDelhi
_e110006
300 _a221p.
_c20cm(Hb)
500 _aIncludes bibliographical references and index
650 _aSikhs -- History
_926621
650 _aPunjab (India) -- Politics and government
_927117
942 _2ddc
_cEN
_h954.12
_mKHI
999 _c129945
_d129945